000 00894cad a22002055a 4500
001 L158096
008 140513s2014 xxk f 000 0 eng d
035 _a(Sirsi) u158096
041 0 _aeng
110 2 _aUnited Kingdom
_bDepartment of Energy and Climate Change
_95850
245 0 4 _aThe Green Deal and consumer protection a guide for domestic consumers
_h[electronic resource]
260 _aLondon
_bDECC
_c2014
520 _aGives basic details about the Green Deal. Includes information about choosing a Green Deal provider, the assessment, entering into a Green Deal plan and the calculation of repayments.
590 _aKA
651 4 _aUnited Kingdom
690 _aEnergy
_96237
690 _aSustainability
_96271
856 4 0 _uhttps://www.gov.uk/government/uploads/system/uploads/attachment_data/file/294540/Cons_Prot.pdf
_zView the guide free of charge at www.gov.uk
942 _n0
999 _c115137
_d115137